| 000 | 00771cam a2200193 a 4500 | ||
|---|---|---|---|
| 001 | 000002372 | ||
| 005 | 20200929150205.0 | ||
| 008 | 890825s1989 fr a c 000 0 fre | ||
| 020 | _a2900339278 | ||
| 040 |
_aDO-SdBNP _cDLC _dDLC |
||
| 082 |
_a972.9750 _bI31r |
||
| 245 | 0 | 0 |
_aImages de la Révolution aux Antilles : _bcatalogue de l'exposition organisee dans le cadre de la commemoration du bicentenaire de la Revolution. |
| 260 |
_aBasse-Terre, San Cristóbal : _bSociété d'histoire de la Guadeloupe, _c1989. |
||
| 300 |
_a[69] p. : _bil. ; _c24 cm. |
||
| 651 | 4 |
_aAntillas Francesas _97545 |
|
| 651 | 4 |
_aFrancia _xHistoria _yREVOLUCION, 1789 1799 _vOBRAS ILUSTRADAS _97546 |
|
| 710 | 1 |
_aSociete d'histoire de la Guadeloupe. _97547 |
|
| 910 | _aCatalogación por copia / LC | ||
| 999 |
_c2213 _d2213 |
||